|
|
|
|
| LEADER |
00000cam a2200000 7i4500 |
| 001 |
0000059970 |
| 005 |
20160329.0 |
| 008 |
160223 |
| 020 |
|
|
|a 019521918X (set)
|
| 020 |
|
|
|a 0195219600
|
| 090 |
0 |
0 |
|a R 500
|b NEW
|
| 100 |
1 |
|
|a Morgan, Nina
|
| 245 |
1 |
0 |
|a Chemistry in action :
|b The molecules of everyday life, Volume 3
|c Nina Morgan & John O.E. Clark
|
| 260 |
|
|
|a New York :
|b Oxford University Press ,
|c 2003
|
| 300 |
|
|
|a 171 pg :
|b Col., Ill ;
|c 30cm.
|
| 490 |
1 |
|
|a The New Encyclopedia of Science (Second Edition)
|
| 500 |
|
|
|a Includes Index 172-175 pg
|
| 700 |
0 |
|
|a Clark, John O.E
|
| 999 |
|
|
|a 0000894673
|b Book
|c REFERENCE
|e Cawangan Segamat
|
| 999 |
|
|
|a 0000894674
|b Book
|c REFERENCE
|e Cawangan Tmn. Ungku Tun Aminah
|
| 999 |
|
|
|a 000894681
|b Book
|c REFERENCE
|e Cawangan Batu Pahat
|